| 000 | 01203nam a22003257a 4500 | ||
|---|---|---|---|
| 003 | CHAP | ||
| 005 | 20220329140727.0 | ||
| 008 | 971013s1969 r 00010 d | ||
| 010 | _a56636 | ||
| 011 | _a57608 | ||
| 035 | _a61763 | ||
| 040 | _cCHAP | ||
| 090 | _aTesis | ||
| 100 | 0 | 0 |
_aZozaya Rubio, José Antonio. _9124246 |
| 245 | _aEstudio comparativo sobre el valor económico de colonias de abejas híbridas de diversas razas geográficas y la estirpe local en el Valle de Cuautla, Morelos | ||
| 260 |
_aMéxico, D.F. : _bEl autor, _c1969 |
||
| 300 |
_a46 h. _b: ilus. |
||
| 502 | _aTesis (Médico Veterinario Zootecnista) -- UNA. Es. Nac. de Medicina Veterinaria y Zootecnia | ||
| 590 |
_aALEPH _b10 _c20130110 _lUCH01 _h1334 |
||
| 590 |
_aBATCH-UPD _b10 _c20130110 _lUCH01 _h2000 |
||
| 590 |
_aBATCH-UPD _b10 _c20130410 _lUCH01 _h1320 |
||
| 590 |
_aBATCH-UPD _b10 _c20130914 _lUCH01 _h2113 |
||
| 590 |
_aCONVERSION _b10 _c20130109 _lUCH01 _h1330 |
||
| 650 | 1 | 4 |
_aApicultura _xAspectos economicos. _96246 |
| 650 | 1 | 4 |
_aApicultura _xMorelos. _96270 |
| 901 | _aBK | ||
| 942 | _cFOLL | ||
| 949 |
_bBC _cTES _d-132593 _eTS1 _h17166 _i61763 _si |
||
| 949 |
_bBC _cTES _d33724000597399 _eTS2 _fc.2 _h17167 _i61763 _sb |
||
| 999 |
_c56636 _d56636 |
||